000 00646nam a2200229 a 4500
001 BRCA_5444
005 20190320205100.0
008 141210r1922----fr-a######---#000-0#fre-#
041 _afre
044 _afr
050 4 _aND813
_b.D45 1922
100 1 _aDelteil, Loys
_913906
245 1 0 _aFrancisco Goya
_cLoys Delteil.
260 _aParís
_bL. Delteil
_c1922
300 _a2 v.
_bil., 292 láminas
_c1922
440 0 _aLe peintre graveur illustré (XIX et XX siécles)
_v14
_913907
500 _aE159
600 1 4 _aGoya y Lucientes Francisco de
_d1746-1828
_912799
650 1 4 _aPintores españoles
_97620
902 _aGFM
942 _2lcc
_cB
999 _c5138
_d5138